000 01677nam a22004217a 4500
003 CHAP
005 20220329143608.0
008 100810s2010 mx r 00010 spa d
010 _a99034
011 _a100006
035 _a110692
040 _cCHAP
090 _aTesis
100 1 _aPacheco Cervantes, Adriana
_984540
245 1 0 _aEstratificación e indicadores reproductivos de agroempresas lecheras en los Altos de Jalisco
_c/por Adriana Pacheco Cervantes
260 _aChapingo, Méx. :
_bEl autor,
_c2010
300 _axi, 71 h. :
_bcuadros, gráfs.
502 _aTesis (M.C. en Innovación Ganadera) -- UACH. Departamento de Enseñanza, Investigación y Servicios en Zootecnia
530 _aTambién disponible en línea
590 _aALEPH
_b10
_c20130110
_lUCH01
_h1535
590 _aBATCH-UPD
_b10
_c20130110
_lUCH01
_h1659
590 _aBATCH-UPD
_b10
_c20130410
_lUCH01
_h1047
590 _aBATCH-UPD
_b10
_c20130914
_lUCH01
_h1304
590 _aBATCH-UPD
_b10
_c20140324
_lUCH01
_h1519
590 _aBATCH-UPD
_b10
_c20141002
_lUCH01
_h0844
590 _aCONVERSION
_b10
_c20130109
_lUCH01
_h1355
650 1 4 _aAlimentos y alimentacion del ganado.
_94326
650 1 4 _aEmpresas agropecuarias.
_936649
650 1 4 _aGanado Holstein
_xJalisco.
_945137
650 1 4 _aGanado lechero
_xJalisco.
_945273
650 1 4 _aIndicadores de desarrollo.
_957563
650 1 4 _aLeche
_xProducción.
_965400
856 _3Finding aid
_uhttp://10.13.5.2/tesis/110692.pdf
_zTeclea aqui
901 _aBK
942 _cFOLL
949 _aTesis
_bBC
_cTES
_d33724002214652
_eTS1
_gDonaciØn
_h50940
_i110692
_sb
949 _aTesis
_bBC
_cTES
_d33724002214694
_eTS2
_fc.2
_gDonaciØn
_h50941
_i110692
_sb
999 _c99034
_d99034